| 000 | 00567nam a2200181Ia 4500 | ||
|---|---|---|---|
| 003 | GCL | ||
| 008 | 140319s9999 xx 000 0 ara d | ||
| 040 |
_aGCL / _cGCL |
||
| 082 | 0 | 4 |
_a928 _bن م |
| 100 | 1 | _aنوال السعداوى | |
| 245 | 1 | 0 |
_aمذكراتى فى سجن النساء / _cنوال السعداوى |
| 260 |
_a[S.N] : _bدار المستقبل ، _c1986 |
||
| 300 | _a258 ص | ||
| 490 |
_aالسلسلة الشعرية الثانية _v0 |
||
| 650 | 0 | 4 | _aالمرأة |
| 650 | 0 | 4 | _aالمرأة فى الحياة العامة |
| 942 |
_2ddc _cBK |
||
| 999 |
_c58806 _d58806 |
||